000 00724nam a22002537a 4500
003 CHAP
005 20220329140546.0
008 971013s r 00010 d
010 _a53924
011 _a54896
035 _a59048
040 _cCHAP
090 _aR-2510
100 0 0 _aWilcox, M. D.
_9121903
245 _aProvenance variation in the New Zealand species of nothofagus
500 _aSobretiro de: New Zealand Journal of Ecology 6: 19031
590 _aBATCH-UPD
_b10
_c20130110
_lUCH01
_h0404
590 _aCONVERSION
_b10
_c20130109
_lUCH01
_h1329
650 1 4 _aNothofagus.
_981886
700 0 _aLedgard, N.J.
_965563
901 _aBK
942 _cREIMP
949 _aR-2510
_bBC
_cR
_d-127839
_eTS1
_i59048
_si
999 _c53924
_d53924